| 000 | 01633nam2a22002411 4500 | ||
|---|---|---|---|
| 001 | RU\NLR\A1SV\58338 | ||
| 005 | 20251203152403.2 | ||
| 035 | _a(NLR Aleph) 009740294 | ||
| 090 |
_a13481443 _c13481443 |
||
| 100 | _a20080409d1926 u y0rusy50 ca | ||
| 101 | 0 | _arus | |
| 200 | 0 | _aВып.1 | |
| 215 | _a[4], VI, 62, [1] с., 2 л. ил. | ||
| 327 | 1 |
_aВладетельная выпись, данная сыщиком стольником Артемием Ивановичем Челищевым 29 ноября 1703 года на пахотные земли.../ С предисл. Ф.Стрельцова _aСледственный материал о человеческих жертвоприношениях вотяками Муланского края с 16-го февраля по 28-е апреля 1896 г. / Ф.Стрельцов _aАрхеологические памятники Вотского края _aК материалу о бесермянах / С.Перевощиков |
|
| 461 | 1 |
_1001RU\NLR\A1SV\58337 _12000#$aТруды$e1926 г.$fНауч. о-во по изуч. Вотск. края$vВып.1 _99941343 _aНаучное общество по изучению Вотского края. Ижевск _cИжевск _d1926 _fНауч. о-во по изуч. Вотск. края _nНауч. о-во по изуч. Вотск. края _o1926 г. _tТруды _vВып.1 |
|
| 702 | 1 |
_aСтрельцов _bФ.В. _gФедор Васильевич |
|
| 702 | 1 |
_aПеревощиков _bС. |
|
| 801 | 0 |
_aRU _bNLR _c20080409 |
|
| 852 |
_aNLR _j29/197-1-2 |
||
| 942 | _cBOOK | ||
| 980 | _aA1SV | ||
| 980 | _aNB | ||